| Поле | Название | Значение |
| |
Тип записи |
a |
| |
Библиографический уровень |
m |
| 001 |
Контрольный номер |
843d9d8dcfb94ab9a084aae7f19db13c |
| 005 |
Дата корректировки |
20140610143938.0 |
| 010 |
Индекс ISBN |
__ |
| a |
ISBN |
5-7591-0708-9 |
| 101 |
Язык документа |
0_ |
| a |
Язык текста |
rus |
| 102 |
Страна публикации |
__ |
| a |
Страна публикации |
RU |
| 200 |
Заглавие и сведения об ответственности |
1_ |
| a |
Заглавие |
Стратегии экономического поведения российской молодежи |
| f |
Первые сведения об ответственности |
А. А. Максименко |
| g |
Последующие сведения об ответственности |
М- во образования и науки РФ, Федер. агентство по образованию |
| 210 |
Выходные данные |
1_ |
| c |
Издательство |
КГУ им. Н. А. Некрасова |
| a |
Место издания |
Кострома |
| d |
Дата издания |
2006 |
| 215 |
Физическое описание |
__ |
| a |
Объем |
207, [1] с. |
| 610 |
Ключевые слова |
0_ |
| a |
Ключевые слова |
социология молодежи |
| 610 |
Ключевые слова |
0_ |
| a |
Ключевые слова |
молодежь |
| 610 |
Ключевые слова |
0_ |
| a |
Ключевые слова |
экономическое поведение |
| 610 |
Ключевые слова |
0_ |
| a |
Ключевые слова |
социально- экономический портрет |
| 610 |
Ключевые слова |
0_ |
| a |
Ключевые слова |
стратегия экономического поведения |
| 610 |
Ключевые слова |
0_ |
| a |
Ключевые слова |
государственная молодежная политика |
| 686 |
Индексы других классификаций |
__ |
| a |
Классификационный индекс |
60.550.325.11 |
| 2 |
Код системы |
rubbk |
| 686 |
Индексы других классификаций |
__ |
| a |
Классификационный индекс |
88.59 |
| 2 |
Код системы |
rubbk |
| 700 |
Автор |
_1 |
| a |
Фамилия |
Максименко |
| b |
Имя |
А. А. |
| g |
Полное личное имя |
Александр Александрович |
| 711 |
Наименование организации. (Альтернативная ответственность) |
02 |
| a |
Организация/ юрисдикция |
М- во образования и науки РФ |
| 711 |
Наименование организации. (Альтернативная ответственность) |
02 |
| a |
Организация/ юрисдикция |
Федер. агентство по образованию |
| 801 |
Источник записи |
_0 |
| a |
Страна |
RU |
| b |
Организация |
РУК |
| c |
Дата составления |
20070213 |
| g |
Правила каталогизации |
PSBO |
| 801 |
Источник записи |
_1 |
| a |
Страна |
RU |
| b |
Организация |
РУК |
| c |
Дата составления |
20070213 |
| g |
Правила каталогизации |
PSBO |
| 852 |
Данные о местонахождении |
__ |
| j |
Шифр хранения |
ББК 60.5 |
| i |
Авторский знак |
М 17 |
| 901 |
Тип документа |
__ |
| t |
Тип документа |
m |
| 938 |
Служебная информация |
__ |
| a |
Название организации |
Головной вуз |
| b |
Имя БД |
BOOK |
| c |
Название АИБС |
АИБС ИРБИС |